000 00691nam a2200241Ia 4500
003 OSt
005 20220925203639.0
006 a|||||r|||| 00| 0
007 ta
008 220923b |||||||| |||| 00| 0 eng d
020 _a0133607437
037 _cGeneral Book
040 _aRTL
_cRTL
_beng
041 _2eng
_aeng
082 _aX7.73.N7, L8
100 _aGardner Wayland D
_9266693
245 0 _aGovernment finance
_b National state and local
260 _aEngleweed
_bCliffs N J Prentice Hall
_c1978
300 _axvii, 438p. Bib chapterwise
_ccm.
650 _aFinance
942 _hX7.73.N7, L8
_cGB
_2CC
999 _c547286
_d547286